Pays d'Amérique du Nord à placer - Statistiques

Statistiques générales
  • Ce quiz a été pris 10 141 fois
  • Le résultat moyen est 12 sur 23
Réponses sur la Carte
Les réponses sont colorées sur une échelle allant du rouge au vert en fonction du pourcentage des utilisateurs qui les ont devinées à leur premier essai. Vous pouvez retrouver ces pourcentages ci-dessous.
 
Statistiques - réponses
Réponse % Correct
États-Unis
91%
Canada
90%
Mexique
89%
Panama
69%
Cuba
68%
Bahamas
65%
Haïti
59%
Jamaïque
57%
République Dominicaine
57%
Belize
54%
Guatemala
53%
Costa Rica
52%
Nicaragua
50%
Honduras
49%
Salvador
49%
Trinité-et-Tobago
39%
Antigua-et-Barbuda
31%
Saint-Christophe-et-Niévès
28%
Sainte-Lucie
28%
Saint-Vincent-et-les-
Grenadines
28%
Dominique
27%
Barbade
26%
Grenade
26%
Aucun quiz correspondant
Distribution des résultats
% des personnes avec chaque résultat
Percentile par nombre de réponses
Votre historique - résultats
Vous n’avez pas pris ce quiz